A textbook of fluid mechanics : (fluid mechanics and hydraulic machines- part-1) (Record no. 1330)

MARC details
000 -LEADER
Fixed length control field 00537nam a2200181 4500
003 - CONTROL NUMBER IDENTIFIER
Control field SEACOMEC
005 - DATE AND TIME OF LATEST TRANSACTION
Control field 20240613124533.0
008 - FIXED-LENGTH DATA ELEMENTS--GENERAL INFORMATION
Fixed length control field 240613b |||||||| |||| 00| 0 eng d
020 ## - INTERNATIONAL STANDARD BOOK NUMBER / ISBN
International Standard Book Number 8121916674
Price Rs.340.00
040 ## - CATALOGING SOURCE
Original cataloging agency SEACOMEC
082 ## - DEWEY DECIMAL CLASSIFICATION NUMBER
Classification number 621.20434
Book Number R161
100 ## - MAIN ENTRY--PERSONAL NAME
Personal name Rajput, R. K
245 1# - TITLE STATEMENT
Title A textbook of fluid mechanics : (fluid mechanics and hydraulic machines- part-1)
Statement of responsibility R.K. Rajput
260 ## - IMPRINT
Place of publication New Delhi
Name of publisher S. Chand & company 2010
Date of publication [reprinted 2008]
300 ## - PHYSICAL DESCRIPTION
Page / Vol. No Vol.1
650 ## - SUBJECT ADDED ENTRY--TOPICAL TERM
Topical term Hydraulics
942 ## - ADDED ENTRY ELEMENTS (KOHA)
Koha item type Books
Holdings
Withdrawn status Lost status Source of classification Damaged status Not for loan Home library Current library Date acquired Total Checkouts Call number Accession number Date last seen Price effective from Koha item type Copy number
    Dewey Decimal Classification     SEACOM ENGINEERING COLLEGE SEACOM ENGINEERING COLLEGE 25/02/2008   621.20434 R161 9916 13/06/2024 13/06/2024 Books  
    Dewey Decimal Classification     SEACOM ENGINEERING COLLEGE SEACOM ENGINEERING COLLEGE 25/02/2008   621.20434 R161 9917 13/06/2024 13/06/2024 Books 1
    Dewey Decimal Classification     SEACOM ENGINEERING COLLEGE SEACOM ENGINEERING COLLEGE 25/02/2008   621.20434 R161 9918 13/06/2024 13/06/2024 Books 2
    Dewey Decimal Classification     SEACOM ENGINEERING COLLEGE SEACOM ENGINEERING COLLEGE 25/02/2008   621.20434 R161 9919 13/06/2024 13/06/2024 Books 3
    Dewey Decimal Classification     SEACOM ENGINEERING COLLEGE SEACOM ENGINEERING COLLEGE 25/02/2008   621.20434 R161 9920 13/06/2024 13/06/2024 Books 4
    Dewey Decimal Classification     SEACOM ENGINEERING COLLEGE SEACOM ENGINEERING COLLEGE 25/02/2008   621.20434 R161 9921 13/06/2024 13/06/2024 Books 5
    Dewey Decimal Classification     SEACOM ENGINEERING COLLEGE SEACOM ENGINEERING COLLEGE 25/02/2008   621.20434 R161 9922 13/06/2024 13/06/2024 Books 6
    Dewey Decimal Classification     SEACOM ENGINEERING COLLEGE SEACOM ENGINEERING COLLEGE 25/02/2008   621.20434 R161 9923 13/06/2024 13/06/2024 Books 7
    Dewey Decimal Classification     SEACOM ENGINEERING COLLEGE SEACOM ENGINEERING COLLEGE 25/02/2008   621.20434 R161 9924 13/06/2024 13/06/2024 Books 8
    Dewey Decimal Classification     SEACOM ENGINEERING COLLEGE SEACOM ENGINEERING COLLEGE 25/02/2008   621.20434 R161 9925 13/06/2024 13/06/2024 Books 9
© Seacom Engineering College, All rights reserved.      Powered by Koha